The Police - Click quiz - Statistiques

Statistiques générales
  • Ce quiz a été pris 16 fois
  • Le résultat moyen est 39 sur 75
Statistiques - réponses
Question Tuile Select % Correct
Stewart Copeland Non
93%
Stewart Copeland Non
87%
Stewart Copeland Oui
80%
Sting Oui
80%
Sting Non
80%
Sting Non
80%
Andy Summers Non
80%
Andy Summers Non
73%
Andy Summers Oui
73%
Est le batteur du groupe Non
73%
Joue de la guitare Non
73%
Joue de la guitare Oui
60%
Est le plus jeune des membres Non
60%
Est la voix de "Every Breath You Take" Oui
60%
Est la voix de "Every Breath You Take" Non
60%
Est la voix de "Every Breath You Take" Non
60%
Est le chanteur principal du groupe Oui
60%
Est le chanteur principal du groupe Non
60%
Est le chanteur principal du groupe Non
60%
A poursuivi une carrière solo très célèbre après The Police Oui
60%
A poursuivi une carrière solo très célèbre après The Police Non
60%
A poursuivi une carrière solo très célèbre après The Police Non
60%
Est le membre qui écrivait la majorité des paroles Oui
60%
Est le membre qui écrivait la majorité des paroles Non
60%
Est le membre le plus discret médiatiquement Non
60%
Est le batteur du groupe Oui
53%
Est le batteur du groupe Non
53%
A pour vrai nom Gordon Matthew Thomas Sumner Non
53%
Est le plus âgé des membres Non
53%
A rejoint le groupe après une longue carrière de musicien de studio Non
53%
A composé "Roxanne" Oui
53%
A composé "Roxanne" Non
53%
Est connu pour son style de musique très énergique et reggae-influencé Non
53%
Joue de la basse Oui
53%
Joue de la basse Non
53%
Est connu pour l'usage intensif d'effets (chorus, delay) Non
53%
Est connu pour l'usage intensif d'effets (chorus, delay) Non
53%
Est connu pour l'usage intensif d'effets (chorus, delay) Oui
53%
Est le membre qui écrivait la majorité des paroles Non
53%
Est souvent considéré comme le moteur rythmique du groupe Non
53%
Est le membre le plus discret médiatiquement Non
53%
Est le membre le plus discret médiatiquement Oui
53%
A été professeur avant de devenir célèbre Non
53%
A trouvé le nom du groupe Non
53%
Est le plus âgé des membres Non
47%
Est le fils d'un agent de la CIA Non
47%
Est le fils d'un agent de la CIA Non
47%
A composé "Roxanne" Non
47%
Est connu pour son style de musique très énergique et reggae-influencé Non
47%
Joue de la basse Non
47%
Est le membre le plus impliqué dans les BO de films Non
47%
Est le membre le plus impliqué dans les BO de films Non
47%
A grandi dans un environnement international et diplomatique Non
47%
A grandi dans un environnement international et diplomatique Non
47%
Est souvent considéré comme le moteur rythmique du groupe Non
47%
Est souvent considéré comme le moteur rythmique du groupe Oui
47%
Joue de la guitare Non
40%
A pour vrai nom Gordon Matthew Thomas Sumner Oui
40%
A pour vrai nom Gordon Matthew Thomas Sumner Non
40%
Est le plus âgé des membres Oui
40%
A rejoint le groupe après une longue carrière de musicien de studio Non
40%
Est connu pour son style de musique très énergique et reggae-influencé Oui
40%
Était initialement attiré par le rock progressif Non
40%
Est le plus jeune des membres Non
33%
Est le plus jeune des membres Oui
33%
Est le fils d'un agent de la CIA Oui
33%
A rejoint le groupe après une longue carrière de musicien de studio Oui
33%
Est le membre le plus impliqué dans les BO de films Oui
33%
A grandi dans un environnement international et diplomatique Oui
33%
A trouvé le nom du groupe Non
33%
A été professeur avant de devenir célèbre Non
27%
A trouvé le nom du groupe Oui
27%
Était initialement attiré par le rock progressif Non
20%
A été professeur avant de devenir célèbre Oui
20%
Était initialement attiré par le rock progressif Oui
7%
Aucun quiz correspondant
Distribution des résultats
% des personnes avec chaque résultat
Percentile par nombre de réponses
Votre historique - résultats
Vous n’avez pas pris ce quiz